Notas sobre la identidad nacional la nación y el nacionalismo /
محفوظ في:
| المؤلف الرئيسي: | |
|---|---|
| التنسيق: | نص |
| الموضوعات: | |
| الوسوم: |
إضافة وسم
لا توجد وسوم, كن أول من يضع وسما على هذه التسجيلة!
|
MARC
| LEADER | 00000 a a2200000 04500 | ||
|---|---|---|---|
| 001 | 45503 | ||
| 003 | |||
| 040 | |a CRAI/IIS |c CRAI/IIS | ||
| 090 | |a REV0780 (36)1998 | ||
| 100 | |a Mendizábal P, Ana Beatriz | ||
| 245 | |a Notas sobre la identidad nacional la nación y el nacionalismo / |c Ana Beatriz Mendizábal P | ||
| 650 | |a NACIONALISMO | ||
| 650 | |a IDENTIDAD NACIONAL | ||
| 650 | |a NACION | ||
| 773 | |g número36, IV Epoca (1998), páginas 67-72 | ||
| 999 | |c 18196 |d 18196 | ||
